000 00268nam a2200121Ia 4500
008 231129s2000||||xx |||||||||||||| ||spa||
040 _bspa
082 _aR 343.0552 M294
245 0 _aManual de Iva y Timbre
260 _c2000
264 _aLegis.
942 _2ddc
_cBKS
999 _c20378
_d20378